<?xml version="1.0" encoding="UTF-8"?>
<record
    xmlns:xsi="http://www.w3.org/2001/XMLSchema-instance"
    xsi:schemaLocation="http://www.loc.gov/MARC21/slim http://www.loc.gov/standards/marcxml/schema/MARC21slim.xsd"
    xmlns="http://www.loc.gov/MARC21/slim">

  <leader>02094nam a22002177a 4500</leader>
  <controlfield tag="008">251024b        |||||||| |||| 00| 0 eng d</controlfield>
  <datafield tag="020" ind1=" " ind2=" ">
    <subfield code="a">9798217086283</subfield>
  </datafield>
  <datafield tag="040" ind1=" " ind2=" ">
    <subfield code="c">tbs</subfield>
  </datafield>
  <datafield tag="050" ind1=" " ind2=" ">
    <subfield code="a">BF637.S4 </subfield>
    <subfield code="b">H443 2025</subfield>
  </datafield>
  <datafield tag="100" ind1=" " ind2=" ">
    <subfield code="a">Heinrichs, Jay</subfield>
    <subfield code="9">26310</subfield>
    <subfield code="e">author</subfield>
  </datafield>
  <datafield tag="245" ind1=" " ind2=" ">
    <subfield code="a">Aristotle's guide to self-persuasion</subfield>
    <subfield code="b">: how ancient rhetoric, Taylor Swift, and your own soul can help you change your life </subfield>
    <subfield code="c">/ Jay Heinrichs.</subfield>
  </datafield>
  <datafield tag="250" ind1=" " ind2=" ">
    <subfield code="a">First edition.</subfield>
  </datafield>
  <datafield tag="260" ind1=" " ind2=" ">
    <subfield code="a">New York, NY :</subfield>
    <subfield code="b">Crown,</subfield>
    <subfield code="c">2025.</subfield>
  </datafield>
  <datafield tag="300" ind1=" " ind2=" ">
    <subfield code="a">ix, 273 pages ; </subfield>
    <subfield code="c">25 cm.</subfield>
  </datafield>
  <datafield tag="520" ind1=" " ind2=" ">
    <subfield code="a">Rhetoric once sat at the center of elite education. Alexander the Great, Shakespeare, and Martin Luther King, Jr., used it to build empires, write deathless literature, and inspire democracies. Now it will help you to take leadership over yourself; not through pop psychology or empty inspiration, but with persuasive tools that have been tested for more than three thousand years. In Aristotle's Guide to Self-Persuasion, Heinrichs helps readers persuade their most difficult audiences -- themselves -- by using techniques invented by the likes of Aristotle and Cicero and deployed by our culture's most persuasive characters. With their help, rhetoric can convert the most negative situations into positive ones. Heinrichs brings in examples from history and pop culture -- Winston Churchill, Iron Man, Dolly Parton, and the woman who serendipitously invented the chocolate chip cookie -- to illustrate the concepts. But the core of the book tests the tools of self-persuasion and asks: Can the same techniques that seduce lovers, sell diet books, and overturn governments help us achieve our most desired goals? Filled with entertaining and scientific studies that showcase the power of what language can do for you, Aristotle's Guide to Self-Persuasion will teach you how to be the most successful person you can be, just by talking to yourself.</subfield>
  </datafield>
  <datafield tag="650" ind1=" " ind2="0">
    <subfield code="a">Persuasion (Rhetoric)</subfield>
    <subfield code="9">11703</subfield>
  </datafield>
  <datafield tag="650" ind1=" " ind2="0">
    <subfield code="a">Rhetoric and psychology</subfield>
    <subfield code="9">26311</subfield>
  </datafield>
  <datafield tag="650" ind1=" " ind2="0">
    <subfield code="a">Self-actualization (Psychology)</subfield>
    <subfield code="9">7023</subfield>
  </datafield>
  <datafield tag="655" ind1=" " ind2="0">
    <subfield code="a">Self-help publications</subfield>
    <subfield code="9">23836</subfield>
  </datafield>
  <datafield tag="942" ind1=" " ind2=" ">
    <subfield code="2">lcc</subfield>
  </datafield>
  <datafield tag="952" ind1=" " ind2=" ">
    <subfield code="0">0</subfield>
    <subfield code="1">0</subfield>
    <subfield code="2">lcc</subfield>
    <subfield code="4">0</subfield>
    <subfield code="7">0</subfield>
    <subfield code="a">TBS</subfield>
    <subfield code="b">TBS</subfield>
    <subfield code="d">2025-10-24</subfield>
    <subfield code="l">0</subfield>
    <subfield code="o">BF637.S4 HEI</subfield>
    <subfield code="p">B05698</subfield>
    <subfield code="r">2025-10-24</subfield>
    <subfield code="t">1</subfield>
    <subfield code="w">2025-10-24</subfield>
    <subfield code="y">1</subfield>
  </datafield>
  <datafield tag="999" ind1=" " ind2=" ">
    <subfield code="c">5100</subfield>
    <subfield code="d">5100</subfield>
  </datafield>
</record>
